00557nam a2200181Ia 4500008004100000082001600041100002200057245004900079250000800128260003600136300001300172500002500185650001400210700002200224942000700246952010500253999001700358230524s9999 xx 000 0 und d a620.16bLAW aH.Lawrence918198 0aElements of Material Science and Engineering a6TH aSINGAPOREbAddison-Wesleyc1989 aXVII;585 aQuantity Number: 12 aChemistry a Van Vlack918199 cBK 00104070aTATCLbTATCLcGENd2023-05-24l0o620.16 LAWp8524r2023-05-24w2023-05-24yBKzBSMS1213 c27628d27628